NFL Pro Bowl Quarterbacks 2010s - Statistics

General Stats
  • This quiz has been taken 1,001 times
    159 since last reset
  • The average score is 91 of 95
Answer Stats
Season Team Player % Correct
2019 Chiefs Patrick Mahomes
100%
2018 Chiefs Patrick Mahomes
100%
2019 Packers Aaron Rodgers
99%
2018 Packers Aaron Rodgers
99%
2016 Packers Aaron Rodgers
99%
2015 Packers Aaron Rodgers
99%
2014 Packers Aaron Rodgers
99%
2012 Packers Aaron Rodgers
99%
2011 Packers Aaron Rodgers
99%
2017 Steelers Ben Roethlisberger
99%
2016 Steelers Ben Roethlisberger
99%
2015 Steelers Ben Roethlisberger
99%
2014 Steelers Ben Roethlisberger
99%
2011 Steelers Ben Roethlisberger
99%
2019 Saints Drew Brees
99%
2018 Saints Drew Brees
99%
2017 Saints Drew Brees
99%
2016 Saints Drew Brees
99%
2014 Saints Drew Brees
99%
2013 Saints Drew Brees
99%
2012 Saints Drew Brees
99%
2011 Saints Drew Brees
99%
2010 Saints Drew Brees
99%
2015 Giants Eli Manning
99%
2012 Giants Eli Manning
99%
2011 Giants Eli Manning
99%
2019 Ravens Lamar Jackson
99%
2014 Lions Matthew Stafford
99%
2014 Broncos Peyton Manning
99%
2013 Broncos Peyton Manning
99%
2012 Broncos Peyton Manning
99%
2010 Colts Peyton Manning
99%
2018 Chargers Philip Rivers
99%
2017 Chargers Philip Rivers
99%
2016 Chargers Philip Rivers
99%
2013 Chargers Philip Rivers
99%
2011 Chargers Philip Rivers
99%
2010 Chargers Philip Rivers
99%
2019 Seahawks Russell Wilson
99%
2018 Seahawks Russell Wilson
99%
2017 Seahawks Russell Wilson
99%
2015 Seahawks Russell Wilson
99%
2014 Seahawks Russell Wilson
99%
2013 Seahawks Russell Wilson
99%
2012 Seahawks Russell Wilson
99%
2018 Patriots Tom Brady
99%
2017 Patriots Tom Brady
99%
2016 Patriots Tom Brady
99%
2015 Patriots Tom Brady
99%
2014 Patriots Tom Brady
99%
2013 Patriots Tom Brady
99%
2012 Patriots Tom Brady
99%
2011 Patriots Tom Brady
99%
2010 Patriots Tom Brady
99%
2015 Panthers Cam Newton
98%
2013 Panthers Cam Newton
98%
2011 Panthers Cam Newton
98%
2018 Cowboys Dak Prescott
98%
2016 Cowboys Dak Prescott
98%
2018 Rams Jared Goff
98%
2017 Rams Jared Goff
98%
2019 Vikings Kirk Cousins
98%
2016 Redskins Kirk Cousins
98%
2016 Bengals Andy Dalton
97%
2014 Bengals Andy Dalton
97%
2011 Bengals Andy Dalton
97%
2017 Raiders Derek Carr
96%
2016 Raiders Derek Carr
96%
2015 Raiders Derek Carr
96%
2019 Texans Deshaun Watson
96%
2018 Texans Deshaun Watson
96%
2016 Falcons Matt Ryan
96%
2014 Falcons Matt Ryan
96%
2012 Falcons Matt Ryan
96%
2010 Falcons Matt Ryan
96%
2014 Cowboys Tony Romo
96%
2019 Titans Ryan Tannehill
95%
2017 Chiefs Alex Smith
94%
2016 Chiefs Alex Smith
94%
2013 Chiefs Alex Smith
94%
2018 Colts Andrew Luck
93%
2014 Colts Andrew Luck
93%
2013 Colts Andrew Luck
93%
2012 Colts Andrew Luck
93%
2017 Eagles Carson Wentz
93%
2015 Buccaneers Jameis Winston
90%
2015 Cardinals Carson Palmer
88%
2018 Bears Mitch Trubisky
82%
2012 Redskins Robert Griffin III
82%
2010 Eagles Michael Vick
77%
2013 Eagles Nick Foles
76%
2012 Texans Matt Schaub
75%
2015 Vikings Teddy Bridgewater
67%
2015 Bills Tyrod Taylor
64%
2010 Chiefs Matt Cassel
36%
No matching quizzes found
Score Distribution
Percent of People with Each Score
Percentile by Number Answered
Your Score History
You have not taken this quiz since the last reset